| 000 | 00792nas a2200229 i 4500 | ||
|---|---|---|---|
| 005 | 20260430124959.0 | ||
| 008 | 260430d ua fu|j| |||| 00| 0 ara d | ||
| 040 |
_aEG-GICUC _cEG-GICUC _dEG-GICUC _erda |
||
| 082 | 0 | 4 |
_a343 _221 |
| 245 | 0 | 0 |
_aمجلة البحوث القانونية والشرطية. _bالسنة الثانية - العدد الثالث 2014 / |
| 264 | 0 | 1 |
_aالقاهرة : _bأكاديمية الشرطة، _c2014 - |
| 300 |
_aمجلد ؛ _c24 سم. |
||
| 336 |
_2rda content _aText |
||
| 337 |
_2rda media _aunmediated |
||
| 338 |
_2rda carrier _avolume |
||
| 362 | 0 | _a. | |
| 500 | _aمارس 2014. | ||
| 650 | 0 | 4 |
_aالقانون الجنائي _vدوريات |
| 856 | _uhttps://fll.law.cu.edu.eg/fulltext/cr/S10-00432.pdf | ||
| 905 | _a9 | ||
| 942 |
_2ddc _cCR _n0 |
||
| 999 |
_c74513 _d74513 |
||